| 000 | 00575nam a2200205 a 4500 | ||
|---|---|---|---|
| 001 | 000024080 | ||
| 005 | 20260202095302.0 | ||
| 008 | 110118s1983 ||| r 000 | spa d | ||
| 040 |
_aDO-SdBNP _bspa _cBNPHU |
||
| 082 |
_a248.4 _bP341r, 1983 |
||
| 100 | 1 |
_aRuth, Paxson _949471 |
|
| 245 | 1 | 0 |
_aRios de agua viva / _cPaxson Ruth. |
| 260 |
_a[S.l.] : _bCasa Bautista De Publicaciones, _c1983. |
||
| 300 |
_a92 ; _c19 cm. |
||
| 650 | 0 |
_aVida cristiana _9668 |
|
| 650 | 0 |
_aVida espiritual _9268 |
|
| 650 | 0 |
_aEspiritualidad _9613 |
|
| 650 | 0 |
_aCristianismo _9885 |
|
| 049 | _aBNGR | ||
| 999 |
_c23575 _d23575 |
||